| 000 | 01043 a2200229 4500 | ||
|---|---|---|---|
| 001 | 63970 | ||
| 005 | 20260521160827.0 | ||
| 008 | 260521a2022 arg spa d | ||
| 003 | AR-UNSa-BCEJYS | ||
| 040 |
_aAR-UNSa-BCEJYS _bspa _cAR-UNSa-BCEJYS |
||
| 080 |
_a330.101.542 _xMicroeconomía |
||
| 245 | 1 | 0 |
_aMicroeconomía heterodoxa _pModelos sraffianos y marxistas |
| 020 | _a978-950-23-3240-6 | ||
| 264 | 1 |
_aBuenos Aires : _bEUDEBA (Editorial Universitaria de Buenos Aires) _c2022 |
|
| 300 |
_a188 p. _c23 cm. |
||
| 505 | _a1. Introducción - 2. Teoría sraffiana(i) - 3. Teoría sraffiana(ii) - 4. Teoría sraffiana(ii) - 5. Elección de técnica y capital - 6. Teoría marxista (i) - 7. Teoría marxista (ii) - 8. Modelos de producción conjunta - 9. Modelos con consumo endógeno - 10. Modelos dinámicos - | ||
| 041 | _aspa | ||
| 942 | _cBK | ||
| 590 | _aniveau_biblio:m niveau_hierar:0 | ||
| 100 | 1 | _aMontes Rojas, Gabriel | |
| 856 | 4 | 1 |
_uhttps://www.biblioeco.unsa.edu.ar/pmb/images/libros/L129453.jpg _yImagen de portada _qimage/jpeg |
| 999 |
_c36448 _d36448 |
||